[Event "28. Offene Internationale Bayerische Schachmeisterschaft"]
[Site "Gmund am Tegernsee"]
[Date "2025.11.09"]
[Round "9"]
[Board "23"]
[White "Boehmer, Christian"]
[Black "Malinowsky, Levi"]
[Result "1/2-1/2"]
[WhiteElo "2140"]
[BlackElo "2341"]
[PlyCount "0"]
[EventDate "2025.11.01"]
[EventRounds "9"]
[EventCountry "GER"]

1. d4 Nf6 2. c4 g6 3. Nf3 Bg7 4. g3 O-O 5. Bg2 d5 6. O-O dxc4 7. Na3 c3 8. bxc3 c5
9. e3 Nc6 10. Qe2 Bf5 11. Bb2 Be4 12. Nc4 cxd4 13. cxd4 Nb4 14. Rfd1 Rc8 15. a3 Nd3
16. Rxd3 Rxc4 17. Rc3 Rxc3 18. Bxc3 Qc7 19. Qb2 b6 20. Rc1 Qb7 21. Qe2 e6 22. Bb2
Rc8 23. Rxc8+ Qxc8 24. Bf1 Bb7 25. Ne1 Ne4 26. f3 Nd6 27. Kf2 Qd7 28. Qc2 Nf5 29.
Nd3 h5 30. Ne5 Qd8 31. Bd3 Bh6 32. Bxf5 gxf5 33. Qa4 Qc7 34. d5 b5 35. Qxb5 Bxd5
36. Qe8+ Bf8 37. Bd4 Qe7 38. Qxe7 Bxe7 39. Bxa7 Bxa3 40. Nd3 Bd6 41. Nf4 Bxf4  1/2-1/2

[Event "28. Offene Internationale Bayerische Schachmeisterschaft"]
[Site "Gmund am Tegernsee"]
[Date "2025.11.09"]
[Round "9"]
[Board "24"]
[White "Aamuktha, Guntaka"]
[Black "Forchert, Martin"]
[Result "1/2-1/2"]
[WhiteElo "2161"]
[BlackElo "2336"]
[PlyCount "0"]
[EventDate "2025.11.01"]
[EventRounds "9"]
[EventCountry "GER"]

1. e4 Nf6 2. e5 Nd5 3. d4 d6 4. Nf3 dxe5 5. Nxe5 c6 6. Be2 Bf5 7. O-O Nd7 8. Nf3
e6 9. c4 N5f6 10. Nc3 Bd6 11. Nh4 Bg6 12. f4 O-O 13. Nxg6 hxg6 14. Bf3 Qc7 15. g3
Rad8 16. Qe2 Rfe8 17. Be3 a6 18. c5 Be7 19. Bf2 Nd5 20. Ne4 N7f6 21. Nd2 Nd7 22.
h4 b6 23. cxb6 Qxb6 24. Nc4 Qb5 25. a4 Qb4 26. Be1 Qb7 27. Rc1 c5 28. Ne5 Rc8 29.
Nxg6 Bf6 30. Ne5 cxd4 31. Rxc8 Qxc8 32. Bf2 Ne3 33. Bxe3 dxe3 34. Qxe3 Nxe5 35. fxe5
Be7 36. Qf4 Qc5+ 37. Kh1 Qb4 38. Be2 Qxf4 39. gxf4 a5 40. h5 Rd8 41. Bc4 Rd4 42.
b3 Kh7 43. f5 Rh4+ 44. Kg2 Rxh5 45. fxe6 fxe6 46. Rh1 Rxh1 47. Kxh1 Kg6 48. Bxe6
Kg5 49. Bc4 Kf4 50. e6 g5 51. Kg2 g4 52. Bb5 Bc5 53. Bc6 Kf5 54. Bd5 Ke5 55. Bc4
Kf4  1/2-1/2

[Event "28. Offene Internationale Bayerische Schachmeisterschaft"]
[Site "Gmund am Tegernsee"]
[Date "2025.11.09"]
[Round "9"]
[Board "25"]
[White "Butenandt, Svenja"]
[Black "Vingris, Mikelis"]
[Result "0-1"]
[WhiteElo "2160"]
[BlackElo "2329"]
[PlyCount "0"]
[EventDate "2025.11.01"]
[EventRounds "9"]
[EventCountry "GER"]

1. d4 Nf6 2. c4 g6 3. Nc3 Bg7 4. e4 d6 5. Be2 O-O 6. Be3 c5 7. d5 a6 8. Nf3 b5 9.
cxb5 axb5 10. Bxb5 Nxe4 11. Nxe4 Qa5+ 12. Nc3 Bxc3+ 13. bxc3 Qxb5 14. Nd2 Bf5 15.
c4 Qb2 16. O-O Rxa2 17. Rxa2 Qxa2 18. Bh6 Re8 19. Qf3 Qc2 20. g4 Bd3 21. Re1 Nd7
22. Ne4 Bxe4 23. Rxe4 Ne5 24. Qf4 Rb8 25. Kg2 f6 26. Re1 Rb1 27. Rxb1 Qxb1 28. Qe3
Qd3 29. Qxd3 Nxd3 30. Bd2 Ne5 31. Bc1 Nxc4 32. Kf3 Ne5+ 33. Kg3 Nd3  0-1

[Event "28. Offene Internationale Bayerische Schachmeisterschaft"]
[Site "Gmund am Tegernsee"]
[Date "2025.11.09"]
[Round "9"]
[Board "26"]
[White "Garcia Ramos, Marcos"]
[Black "Meister, Peter"]
[Result "1/2-1/2"]
[WhiteElo "2145"]
[BlackElo "2315"]
[PlyCount "0"]
[EventDate "2025.11.01"]
[EventRounds "9"]
[EventCountry "GER"]

1. e4 e6 2. d4 d5 3. Nc3 Nf6 4. Bg5 dxe4 5. Nxe4 Bd7 6. Nf3 Be7 7. Nc3 Bc6 8. Ne5
Nfd7 9. Nxc6 Nxc6 10. Be3 Nb6 11. Bb5 Qd7 12. Qf3 Nd5 13. Nxd5 Qxd5 14. Qxd5 exd5
15. h4 h5 16. Kd2 a6 17. Bd3 O-O-O 18. c3 Rde8 19. b4 g6 20. a4 a5 21. b5 Nb8 22.
c4 Bb4+ 23. Kc2 Nd7 24. Kb3 dxc4+ 25. Bxc4 Re7 26. Rac1 Rhe8 27. Bg5 f6 28. Bf4 Nb6
29. Bd3 Nd5 30. Bg3 f5 31. Be5 Kd7 32. g4 fxg4 33. Bxg6 Rf8 34. Bxh5 Rf3+ 35. Kc2
Rxf2+ 36. Kb3 Rf3+ 37. Kc2 Ne3+ 38. Kd3 Nd5+ 39. Kc2 Ne3+ 40. Kd3 Nf5+ 41. Kc2 Nxd4+
42. Bxd4 Re2+ 43. Kb1 Rb3+ 44. Ka1 Ra3+ 45. Kb1 Rb3+  1/2-1/2

[Event "28. Offene Internationale Bayerische Schachmeisterschaft"]
[Site "Gmund am Tegernsee"]
[Date "2025.11.09"]
[Round "9"]
[Board "27"]
[White "Manukonda, Arun"]
[Black "Adharsh, K"]
[Result "0-1"]
[WhiteElo "2043"]
[BlackElo "2299"]
[PlyCount "0"]
[EventDate "2025.11.01"]
[EventRounds "9"]
[EventCountry "GER"]

1. d4 Nf6 2. c4 e6 3. Nc3 d5 4. Nf3 c6 5. e3 Be7 6. Qc2 O-O 7. b3 Nbd7 8. Bb2 b6
9. Bd3 Bb7 10. O-O h6 11. Rfd1 Rc8 12. Rac1 c5 13. Ne5 dxc4 14. bxc4 cxd4 15. exd4
Qc7 16. Qe2 Rfd8 17. f4 a6 18. f5 Bc5 19. Kh1 Bxd4 20. Nxf7 Qf4 21. Nxd8 Be5 22.
Qxe5 Nxe5 23. Nxb7 Nfg4  0-1

[Event "28. Offene Internationale Bayerische Schachmeisterschaft"]
[Site "Gmund am Tegernsee"]
[Date "2025.11.09"]
[Round "9"]
[Board "28"]
[White "Dehlinger, Alexander"]
[Black "Neuhoff, Laertes"]
[Result "1/2-1/2"]
[WhiteElo "2298"]
[BlackElo "2136"]
[PlyCount "0"]
[EventDate "2025.11.01"]
[EventRounds "9"]
[EventCountry "GER"]

1. Nf3 d5 2. d4 Nf6 3. c4 e6 4. g3 dxc4 5. Bg2 a6 6. Ne5 Bb4+ 7. Nc3 Nd5 8. O-O O-O
9. Ne4 b5 10. b3 cxb3 11. axb3 Bb7 12. Nd3 Bc3 13. Bg5 f6 14. Rc1 Bxd4 15. Ndc5 Bxc5
16. Nxc5 Bc8 17. Bd2 c6 18. e4 Nc7 19. Ba5 Qe7 20. e5 Nd5 21. h4 fxe5 22. Re1 Qf6
23. Qe2 Nd7 24. Ne4 Qe7 25. Bh3 Bb7 26. Ng5 Rf6 27. Ne4 Rff8 28. Ng5 Rf6 29. Ne4
Rff8  1/2-1/2

[Event "28. Offene Internationale Bayerische Schachmeisterschaft"]
[Site "Gmund am Tegernsee"]
[Date "2025.11.09"]
[Round "9"]
[Board "29"]
[White "Seifert, Volker"]
[Black "Fuchs, Florian"]
[Result "1-0"]
[WhiteElo "2296"]
[BlackElo "2109"]
[PlyCount "0"]
[EventDate "2025.11.01"]
[EventRounds "9"]
[EventCountry "GER"]

1. d4 d5 2. Nf3 Nf6 3. e3 c5 4. c4 cxd4 5. exd4 g6 6. Nc3 Bg7 7. h3 O-O 8. Bd3 b6
9. O-O Bb7 10. Bg5 Na6 11. cxd5 Nb4 12. Bc4 Nbxd5 13. Re1 Nxc3 14. bxc3 Rc8 15. Ne5
Nd5 16. Qg4 h5 17. Qe4 Bxe5 18. dxe5 Rc5 19. Bb3 Qa8 20. e6 f5 21. Qd4 Nf6 22. Bxf6
Bxg2 23. Bh8 Rf6 24. Qxf6  1-0

[Event "28. Offene Internationale Bayerische Schachmeisterschaft"]
[Site "Gmund am Tegernsee"]
[Date "2025.11.09"]
[Round "9"]
[Board "30"]
[White "Deschler, Arne"]
[Black "Kurmangaliyeva, Liya"]
[Result "0-1"]
[WhiteElo "2040"]
[BlackElo "2287"]
[PlyCount "0"]
[EventDate "2025.11.01"]
[EventRounds "9"]
[EventCountry "GER"]

1. e4 c5 2. Nf3 Nc6 3. d4 cxd4 4. Nxd4 Nf6 5. Nc3 e5 6. Ndb5 d6 7. Nd5 Nxd5 8. exd5
Nb8 9. a4 Be7 10. Be3 O-O 11. Bd3 Nd7 12. O-O a6 13. Na3 f5 14. Nc4 f4 15. Bd2 f3
16. g3 Nc5 17. Ba5 Qd7 18. Re1 Nxd3 19. Qxd3 Qh3 20. Ne3 Bg5 21. Qf1 Qh5 22. Bd2
Bh3 23. Qd3 Rac8 24. c3 Rf6 25. Nc4 Rh6 26. Re4 Bf5 27. h4 Bxe4 28. Qxe4 Bxd2 29.
Nxd2 Rf8 30. Qe3 Qg4 31. Kf1 g5 32. Ke1 Rh5 33. Ne4 gxh4 34. Kd2 hxg3 35. Nxg3 Rh4
36. Rg1 Kh8 37. Ne2 Qf5 38. Rg5 Qf7 39. Ng3 Qxd5+ 40. Kc2 Rhf4 41. Qb6 Qc6  0-1

[Event "28. Offene Internationale Bayerische Schachmeisterschaft"]
[Site "Gmund am Tegernsee"]
[Date "2025.11.09"]
[Round "9"]
[Board "31"]
[White "Oberhofer, Cedric"]
[Black "Wagner, Lukas"]
[Result "1-0"]
[WhiteElo "2272"]
[BlackElo "1957"]
[PlyCount "0"]
[EventDate "2025.11.01"]
[EventRounds "9"]
[EventCountry "GER"]

1. e4 c5 2. Nf3 Nc6 3. d3 g6 4. g3 Bg7 5. Bg2 d6 6. O-O Nf6 7. Re1 O-O 8. c3 e5 9.
a3 Re8 10. b4 a6 11. Be3 cxb4 12. axb4 b5 13. Na3 Bb7 14. Qb3 h6 15. Nh4 Ne7 16.
c4 g5 17. Nf3 Ng4 18. Bd2 bxc4 19. Nxc4 Nc6 20. h3 Nf6 21. Ne3 d5 22. Nxd5 Nxd5 23.
exd5 Nd4 24. Nxd4 exd4 25. b5 Qb6 26. Rab1 Rxe1+ 27. Bxe1 axb5 28. Qxb5 Qxb5 29.
Rxb5 Ra1 30. Rxb7 Rxe1+ 31. Kh2 Be5 32. Rb6 f6 33. d6 Kf7 34. Bd5+ Ke8 35. Bc6+ Kf7
36. Bb5 Ra1 37. Bc4+ Ke8 38. Be6 Ra8 39. Kg2 Rd8 40. d7+ Ke7 41. Kf3 Bd6 42. Bf5
h5 43. Ke4 Be5 44. Rc6 Rf8 45. Kd5 Rd8 46. Ra6 Rb8 47. Re6+ Kf7 48. Re8 Rxe8 49.
Bg6+ Kf8 50. Ke4  1-0

[Event "28. Offene Internationale Bayerische Schachmeisterschaft"]
[Site "Gmund am Tegernsee"]
[Date "2025.11.09"]
[Round "9"]
[Board "32"]
[White "Krauseneck, Peter"]
[Black "Gaal, Zsoka"]
[Result "0-1"]
[WhiteElo "2110"]
[BlackElo "2383"]
[PlyCount "0"]
[EventDate "2025.11.01"]
[EventRounds "9"]
[EventCountry "GER"]

1. d4 Nf6 2. Bg5 d5 3. e3 c5 4. dxc5 e6 5. c4 Bxc5 6. Nc3 d4 7. exd4 Bxd4 8. Qd2
h6 9. Bh4 Be5 10. Qxd8+ Kxd8 11. O-O-O+ Ke7 12. Nge2 g5 13. Bg3 Nc6 14. f3 b6 15.
b3 Bb7 16. Bxe5 Nxe5 17. h4 g4 18. f4 Nc6 19. g3 Nd4 20. Rh2 Nf5 21. Re1 Rad8 22.
Bg2 Bf3 23. Bh1 Rd3 24. Rd1 Re3 25. Rd2 Bxh1 26. Rxh1 Nxg3 27. Rg1 Nf5 28. h5 Rg8
29. Nb5 Ne4 30. Rc2 a6 31. Nbd4 Nh4 32. Nc6+ Kf6 33. Ne5 g3 34. Nd7+ Ke7 35. Nxb6
Nf3 36. Rd1 g2 37. Ng1 Nc3 38. Rdd2 Re1+ 39. Kb2 Nxd2  0-1

[Event "28. Offene Internationale Bayerische Schachmeisterschaft"]
[Site "Gmund am Tegernsee"]
[Date "2025.11.09"]
[Round "9"]
[Board "33"]
[White "Weber, Ulrich"]
[Black "Weidenhoefer, Max"]
[Result "0-1"]
[WhiteElo "2343"]
[BlackElo "2139"]
[PlyCount "0"]
[EventDate "2025.11.01"]
[EventRounds "9"]
[EventCountry "GER"]

1. Nf3 d5 2. g3 Nf6 3. Bg2 c5 4. O-O Nc6 5. d3 e5 6. Na3 Bd6 7. Bg5 Be6 8. Nd2 O-O
9. e4 d4 10. f4 exf4 11. gxf4 Be7 12. Bxf6 Bxf6 13. Nac4 Be7 14. a4 Qc7 15. Qf3 f6
16. Bh3 Bf7 17. Kh1 Kh8 18. Bf5 b6 19. Qh3 g6 20. Be6 Bxe6 21. Qxe6 f5 22. exf5 Rxf5
23. Rae1 Raf8 24. Ne5 R8f6 25. Qd5 Nxe5 26. fxe5 Rxf1+ 27. Rxf1 Rxf1+ 28. Nxf1 Bg5
29. Kg1 Bf4 30. e6 Kg7 31. Kf2 Kf6 32. Kf3 Qd6 33. b4 Bxh2 34. Ke4  0-1

[Event "28. Offene Internationale Bayerische Schachmeisterschaft"]
[Site "Gmund am Tegernsee"]
[Date "2025.11.09"]
[Round "9"]
[Board "34"]
[White "Wenner, Tobias"]
[Black "Felix, Raphael"]
[Result "0-1"]
[WhiteElo "2096"]
[BlackElo "2290"]
[PlyCount "0"]
[EventDate "2025.11.01"]
[EventRounds "9"]
[EventCountry "GER"]

1. Nf3 d5 2. c4 d4 3. b4 c5 4. Bb2 Nf6 5. g3 Qc7 6. d3 e5 7. b5 Be7 8. Bg2 h6 9.
a4 O-O 10. O-O Be6 11. Nbd2 Nbd7 12. e3 dxe3 13. fxe3 e4 14. dxe4 Ng4 15. Ra3 Bf6
16. Bxf6 Ndxf6 17. e5 Nd7 18. Qa1 Ngxe5 19. Nxe5 Nxe5 20. Bd5 Bxd5 21. cxd5 Rad8
22. e4 f5 23. Qa2 c4 24. Rc3 Qc5+ 25. Kg2 fxe4 26. Rxf8+ Rxf8 27. Nxe4 Qxd5 28. Qe2
Nd3 29. Kg1 Kh8  0-1

[Event "28. Offene Internationale Bayerische Schachmeisterschaft"]
[Site "Gmund am Tegernsee"]
[Date "2025.11.09"]
[Round "9"]
[Board "35"]
[White "Warchol, Kamil"]
[Black "Langner, Robin"]
[Result "1-0"]
[WhiteElo "2282"]
[BlackElo "2128"]
[PlyCount "0"]
[EventDate "2025.11.01"]
[EventRounds "9"]
[EventCountry "GER"]

1. e4 c5 2. Nf3 d6 3. Bb5+ Nd7 4. O-O a6 5. Be2 Ngf6 6. d3 b5 7. a4 Bb7 8. d4 cxd4
9. axb5 e5 10. bxa6 Nxe4 11. c3 d3 12. Bxd3 Nec5 13. Bc4 Bxa6 14. Rxa6 Nxa6 15. Qd5
Qc8 16. Ng5 Nc7 17. Qxf7+ Kd8 18. Qf3 Nf6 19. Nf7+ Ke8 20. Nxh8 e4 21. Qg3 d5 22.
Bb3 Ne6 23. Bg5 Qb7 24. Qe5 Qxb3 25. Qxe6+ Be7 26. Qc6+  1-0

[Event "28. Offene Internationale Bayerische Schachmeisterschaft"]
[Site "Gmund am Tegernsee"]
[Date "2025.11.09"]
[Round "9"]
[Board "36"]
[White "Schneider, Jana"]
[Black "Braeutigam, Alexander"]
[Result "1-0"]
[WhiteElo "2274"]
[BlackElo "2110"]
[PlyCount "0"]
[EventDate "2025.11.01"]
[EventRounds "9"]
[EventCountry "GER"]

1. e4 c5 2. Nf3 a6 3. c3 e6 4. d4 d5 5. e5 Nc6 6. Bd3 Bd7 7. a3 Qb6 8. Bc2 Be7 9.
O-O f6 10. Re1 O-O-O 11. b4 c4 12. a4 f5 13. b5 Na5 14. Na3 h6 15. h4 g6 16. g3 Qc7
17. Kg2 Kb8 18. Bf4 Rh7 19. Qd2 Rc8 20. Reb1 Ka8 21. Ra2 Be8 22. Bd1 Bf8 23. Qb2
Nb3 24. Bxb3 cxb3 25. Qxb3 a5 26. b6 Qc6 27. c4 dxc4 28. Nxc4 Qxc4 29. Rc1 Qxc1 30.
Bxc1 Rxc1 31. Qxe6 Ne7 32. Rd2 Rc8 33. Qb3 Bc6 34. d5 Nxd5 35. Rxd5 Bxd5 36. Qxd5
Bc5 37. Qe6 Rhh8 38. Qxg6 Rc6 39. e6 Rxb6 40. Ne5 Bd4 41. Qxf5 Re8 42. e7 Rb2 43.
Nd3 Re2 44. Qxa5+  1-0

[Event "28. Offene Internationale Bayerische Schachmeisterschaft"]
[Site "Gmund am Tegernsee"]
[Date "2025.11.09"]
[Round "9"]
[Board "37"]
[White "Engel, Bruno"]
[Black "Steinhauer, Artur"]
[Result "1/2-1/2"]
[WhiteElo "2274"]
[BlackElo "2094"]
[PlyCount "0"]
[EventDate "2025.11.01"]
[EventRounds "9"]
[EventCountry "GER"]

1. Nf3 d5 2. d4 Nf6 3. c3 c5 4. dxc5 e6 5. Be3 Ne4 6. Nbd2 Nxc5 7. g3 Nc6 8. b4 Nd7
9. Bg2 Be7 10. O-O O-O 11. a3 Bf6 12. Rc1 Nde5 13. Nxe5 Nxe5 14. Bd4 b6 15. c4 Bb7
16. cxd5 Bxd5 17. Ne4 Bxe4 18. Bxe4 Rc8 19. Rxc8 Qxc8 20. e3 Nd7 21. Bf3 Rd8 22.
Qa1 Bxd4 23. Qxd4 Nf6 24. Qb2 h6 25. Rc1 Qd7 26. Qc3 Qd3 27. Qxd3 Rxd3 28. Rc8+ Kh7
29. Rc7 Rd7 30. Rc3 g6 31. a4 Kg7 32. a5 bxa5 33. bxa5 Ne8 34. Rc8 Nd6 35. Ra8 Kf6
36. h4 h5 37. Rb8 Ke5  1/2-1/2

[Event "28. Offene Internationale Bayerische Schachmeisterschaft"]
[Site "Gmund am Tegernsee"]
[Date "2025.11.09"]
[Round "9"]
[Board "38"]
[White "Kyparissopoulos, Spyridon"]
[Black "Koehler, Christian Friedrich"]
[Result "1-0"]
[WhiteElo "2092"]
[BlackElo "2274"]
[PlyCount "0"]
[EventDate "2025.11.01"]
[EventRounds "9"]
[EventCountry "GER"]

1. Nf3 d5 2. g3 g6 3. Bg2 Bg7 4. d4 Nf6 5. O-O O-O 6. c4 c6 7. a4 Bf5 8. cxd5 Nxd5
9. Nc3 Nxc3 10. bxc3 Be4 11. Ba3 Nd7 12. Qb3 b6 13. Rfd1 Rc8 14. Bh3 Bxf3 15. exf3
Re8 16. d5 c5 17. Qb5 f5 18. d6 exd6 19. Rxd6 Re7 20. Rad1 Rc7 21. Bf1 Be5 22. R6d5
Qe8 23. Qb3 Kg7 24. Bb5 Qf7 25. Bc4 Qe8 26. Bc1 Bf6 27. Kg2 Be5 28. Bg5 Bf6 29. Bf4
Be5 30. Be3 Qa8 31. Bg5 Bf6 32. Bf4 Ne5 33. Bxe5 Rxe5 34. Rxe5 Bxe5 35. Rd5 Re7 36.
Qc2 Qc6 37. Rd8 Qf6 38. Qd2 f4 39. h4 Bxc3 40. Qd5 Be5 41. g4 Qxh4 42. Qg8+ Kh6 43.
Rd1 Rg7 44. Qe8 Qe7 45. Rh1+ Kg5 46. Rh5+ Kf6 47. g5+ Kf5 48. Qc8+ Qd7 49. Qf8+ Rf7
50. Bxf7 Bd6 51. Be8+ Bxf8 52. Bxd7+ Ke5 53. Rxh7 c4 54. Bb5 c3 55. Bd3 Kd5  1-0

[Event "28. Offene Internationale Bayerische Schachmeisterschaft"]
[Site "Gmund am Tegernsee"]
[Date "2025.11.09"]
[Round "9"]
[Board "39"]
[White "Huber, Benedikt"]
[Black "Ronsin, Corentin"]
[Result "1/2-1/2"]
[WhiteElo "2261"]
[BlackElo "2093"]
[PlyCount "0"]
[EventDate "2025.11.01"]
[EventRounds "9"]
[EventCountry "GER"]

1. Nf3 d5 2. e3 c5 3. b3 f6 4. d4 cxd4 5. exd4 Nc6 6. c4 e5 7. dxe5 Bg4 8. Be2 dxc4
9. O-O Qxd1 10. Rxd1 fxe5 11. Bxc4 Nf6 12. Bb2 Bc5 13. Nc3 Bxf3 14. gxf3 Bd4 15.
f4 O-O-O 16. fxe5 Bxe5 17. Rxd8+ Rxd8 18. Rd1 Re8 19. Kg2 Nh5 20. Rd2 Nf4+ 21. Kf1
Nd4 22. Bd5 Nxd5 23. Nxd5 Nf3 24. Rc2+ Kd7 25. h3 Bxb2 26. Rxb2 Re1+ 27. Kg2 Nh4+
28. Kg3 Nf5+ 29. Kf4 Nd6 30. Rd2 Re4+ 31. Kxe4  1/2-1/2

[Event "28. Offene Internationale Bayerische Schachmeisterschaft"]
[Site "Gmund am Tegernsee"]
[Date "2025.11.09"]
[Round "9"]
[Board "40"]
[White "Papadopoulos, Ioannis"]
[Black "Joel, Paul Ganta"]
[Result "1-0"]
[WhiteElo "2240"]
[BlackElo "2085"]
[PlyCount "0"]
[EventDate "2025.11.01"]
[EventRounds "9"]
[EventCountry "GER"]

1. e4 e5 2. Nf3 Nc6 3. Bc4 Nf6 4. d3 h6 5. c3 Bc5 6. O-O d6 7. Re1 O-O 8. h3 a5 9.
Bb3 Ba7 10. Nbd2 Be6 11. Nf1 Nh7 12. Ng3 b5 13. d4 exd4 14. cxd4 Bxb3 15. axb3 d5
16. e5 f6 17. e6 Ng5 18. Nf5 Re8 19. Bxg5 fxg5 20. Rc1 Nb4 21. e7 Qd7 22. g4 g6 23.
Nxh6+ Kg7 24. Qd2 Kxh6 25. Qxg5+ Kh7 26. Qf6 Rg8 27. Ng5+ Kh6 28. Ne6  1-0

[Event "28. Offene Internationale Bayerische Schachmeisterschaft"]
[Site "Gmund am Tegernsee"]
[Date "2025.11.09"]
[Round "9"]
[Board "41"]
[White "Ehrke, Michael"]
[Black "Ramien, David"]
[Result "1/2-1/2"]
[WhiteElo "2081"]
[BlackElo "2231"]
[PlyCount "0"]
[EventDate "2025.11.01"]
[EventRounds "9"]
[EventCountry "GER"]

1. d4 Nf6 2. Nf3 g6 3. Bf4 Bg7 4. e3 d6 5. h3 O-O 6. Be2 Nfd7 7. O-O e5 8. Bh2 Nc6
9. c4 f5 10. Nc3 g5 11. d5 Ncb8 12. Nd2 Nf6 13. c5 Na6 14. cxd6 cxd6 15. Rc1 Nc7
16. Nc4 Kh8 17. Qb3 Nce8 18. Qa3 Rg8 19. Qa5 b6 20. Qb4 Bf8 21. a4 g4 22. hxg4 Nxg4
23. Bxg4 fxg4 24. a5 Bf5 25. axb6  1/2-1/2

[Event "28. Offene Internationale Bayerische Schachmeisterschaft"]
[Site "Gmund am Tegernsee"]
[Date "2025.11.09"]
[Round "9"]
[Board "42"]
[White "Adelhuette, Dennis"]
[Black "Raupp, Thomas"]
[Result "1/2-1/2"]
[WhiteElo "2073"]
[BlackElo "2229"]
[PlyCount "0"]
[EventDate "2025.11.01"]
[EventRounds "9"]
[EventCountry "GER"]

1. d4 Nf6 2. c4 e6 3. Nf3 d5 4. Nc3 Be7 5. Bf4 O-O 6. e3 b6 7. Bd3 dxc4 8. Bxc4 Ba6
9. Bxa6 Nxa6 10. Qa4 Qc8 11. O-O c5 12. Nb5 Rd8 13. a3 Qb7 14. Rac1 Nd5 15. Bg3 cxd4
16. Nbxd4 Rdc8 17. b4 Bf8 18. Ne5 Nc3 19. Qb3 Ne4 20. Qd3 Rxc1 21. Rxc1 Rc8 22. Rxc8
Qxc8 23. Nec6 Nxg3 24. hxg3 Qb7 25. Qc4 Nc7 26. a4 a6 27. b5 axb5 28. axb5 Nd5 29.
e4 Nf6 30. f3 Bc5 31. Kh2 h5 32. Nb3 Bf8 33. Qd4 Qc7 34. e5 Nd5 35. Nd2 Ne7 36. Nxe7+
Bxe7 37. Nc4 Qc5 38. Qxc5 Bxc5 39. Nd2 Bd4 40. f4 Kh7 41. Kh3 Kg6 42. Ne4 f6 43.
exf6 gxf6 44. Nd2 f5 45. Nc4 Kh6 46. Nd6 Bf6 47. Nc4 Bd4 48. Nd6 Bf6 49. Nc4  1/2-1/2

[Event "28. Offene Internationale Bayerische Schachmeisterschaft"]
[Site "Gmund am Tegernsee"]
[Date "2025.11.09"]
[Round "9"]
[Board "43"]
[White "Gschwendtner, Klaus"]
[Black "Lentrodt, Thomas"]
[Result "1/2-1/2"]
[WhiteElo "2067"]
[BlackElo "2224"]
[PlyCount "0"]
[EventDate "2025.11.01"]
[EventRounds "9"]
[EventCountry "GER"]

1. e4 c5 2. Nf3 d6 3. g3 Nc6 4. Bg2 g6 5. O-O Bg7 6. d3 e6 7. Re1 Nge7 8. c3 O-O
9. d4 cxd4 10. cxd4 e5 11. dxe5 dxe5 12. Nc3 Be6 13. Be3 h6 14. Qc1 Kh7 15. Rd1 Qc8
16. Nd5 Rd8 17. Nxe7 Nxe7 18. Qxc8 Rdxc8 19. Rdc1 Nc6 20. a3 a6 21. Bf1 Na5 22. Rxc8
Rxc8 23. Rc1 Nc4 24. Bxc4 Rxc4 25. Rxc4 Bxc4 26. Nd2 Bd3 27. f3 f5 28. Kf2 f4 29.
Bb6 fxg3+ 30. hxg3 h5 31. Nb3 Bf8 32. Nc5 Bxc5+ 33. Bxc5 Kg7 34. Ke3 Bb5 35. Be7
Kf7 36. Bd8 Ke6 37. Bg5  1/2-1/2

[Event "28. Offene Internationale Bayerische Schachmeisterschaft"]
[Site "Gmund am Tegernsee"]
[Date "2025.11.09"]
[Round "9"]
[Board "44"]
[White "Nied, Pascal"]
[Black "Pavan, B N B"]
[Result "1/2-1/2"]
[WhiteElo "2215"]
[BlackElo "2067"]
[PlyCount "0"]
[EventDate "2025.11.01"]
[EventRounds "9"]
[EventCountry "GER"]

1. e4 c6 2. d4 d5 3. Nd2 dxe4 4. Nxe4 Nf6 5. Nxf6+ exf6 6. Be3 Bd6 7. Bd3 O-O 8.
Ne2 Re8 9. O-O Bg4 10. h3 Bxe2 11. Qxe2 Nd7 12. Rfe1 Nf8 13. Rad1 f5 14. Qf3 g6 15.
Bc4 Qc7 16. Bh6 Rxe1+ 17. Rxe1 Qb6 18. Bb3 Qc7 19. g4 Qd7 20. gxf5 Qxf5 21. Qxf5
gxf5 22. c4 Ng6 23. c5 Bf8 24. Bxf8 Kxf8 25. d5 cxd5 26. Bxd5 Rc8 27. b4 Rc7 28.
Kh2 a5 29. a3 axb4 30. axb4 Nf4 31. Rd1 Rd7 32. Bf3 Rxd1 33. Bxd1 Nd3 34. Bf3 Nxb4
35. Bxb7 Ke7 36. Kg3 Nd3 37. c6 Kd6 38. Kf3 f4 39. h4 f5 40. h5 h6 41. Ba6 Nxf2 42.
Kxf4 Kxc6 43. Kxf5 Kd6 44. Kg6 Ne4  1/2-1/2

[Event "28. Offene Internationale Bayerische Schachmeisterschaft"]
[Site "Gmund am Tegernsee"]
[Date "2025.11.01"]
[Round "1"]
[Board "47"]
[White "Heinrich, John"]
[Black "Hofmann, Lorenz"]
[Result "1/2-1/2"]
[WhiteElo "2338"]
[BlackElo "2065"]
[PlyCount "61"]
[EventDate "2025.11.01"]
[EventRounds "9"]
[EventCountry "GER"]
[SourceVersionDate "2025.11.10"]

1. Nf3 d5 2. c4 e6 3. g3 Nf6 4. Bg2 Be7 5. O-O O-O 6. b3 c5 7. cxd5 Nxd5 8. Bb2 b6 9. d4 Bb7 10. e4 Nc7 11. Nbd2 Nc6 12. dxc5 Bxc5 13. a3 a5 14. Qc2 Nb5 15. Nc4 Qe7 16. e5 Ncd4 17. Nxd4 Nxd4 18. Bxd4 Bxd4 19. Rad1 Bxg2 20. Kxg2 Bc5 21. Qe4 b5 22. Nd6 Bxa3 23. Nxb5 Rab8 24. Nd4 Qb7 25. Qxb7 Rxb7 26. Rd3 Rc8 27. Rfd1 h6 28. R1d2 Bb4 29. Rd1 Rc5 30. f4 Bc3 31. Ne2 1/2-1/2

[Event "28. Offene Internationale Bayerische Schachmeisterschaft"]
[Site "Gmund am Tegernsee"]
[Date "2025.11.03"]
[Round "3"]
[Board "48"]
[White "Heinrich, John"]
[Black "Cordts, Ingo"]
[Result "1-0"]
[WhiteElo "2338"]
[BlackElo "2152"]
[PlyCount "61"]
[EventDate "2025.11.01"]
[EventRounds "9"]
[EventCountry "GER"]
[SourceVersionDate "2025.11.10"]

1. c4 c5 2. Nf3 Nf6 3. Nc3 d5 4. cxd5 Nxd5 5. e4 Nxc3 6. dxc3 Qxd1+ 7. Kxd1 Bd7 8. Ne5 Be6 9. Be3 b6 10. Kc2 f6 11. Bb5+ Nd7 12. Nc4 O-O-O 13. a4 Bxc4 14. Bxc4 Ne5 15. Be6+ Kb7 16. a5 g6 17. Bf4 b5 18. Be3 c4 19. a6+ Kc7 20. Bd5 Nc6 21. Rhb1 Bg7 22. b3 b4 23. bxc4 f5 24. Bxc6 Kxc6 25. Rxb4 Rd7 26. Ra5 e6 27. Rc5+ Kd6 28. Rcb5 Rc8 29. Rb7 Rdc7 30. Bxa7 Be5 31. Bb8 1-0

[Event "28. Offene Internationale Bayerische Schachmeisterschaft"]
[Site "Gmund am Tegernsee"]
[Date "2025.11.05"]
[Round "5"]
[Board "58"]
[White "Heinrich, John"]
[Black "Pfaar, Zeno"]
[Result "1-0"]
[WhiteElo "2338"]
[BlackElo "2078"]
[PlyCount "83"]
[EventDate "2025.11.01"]
[EventRounds "9"]
[EventCountry "GER"]
[SourceVersionDate "2025.11.10"]

1. Nf3 d5 2. e3 Nf6 3. c4 c6 4. Nc3 e6 5. b3 Bd6 6. Bb2 O-O 7. d4 Nbd7 8. Be2 b6 9. O-O Bb7 10. Qc2 Qe7 11. Rad1 Rad8 12. Rfe1 Rfe8 13. Bf1 Qf8 14. e4 dxe4 15. Nxe4 Nxe4 16. Qxe4 Nf6 17. Qh4 Be7 18. Bd3 h6 19. Ne5 c5 20. dxc5 bxc5 21. Qg3 Rd6 22. Bc1 Red8 23. f3 Nd7 24. Ng4 h5 25. Nf2 Nb8 26. Bf4 Ra6 27. Bb1 Nc6 28. Qh3 h4 29. Qg4 Rxd1 30. Rxd1 Nd4 31. Kf1 f5 32. Qh5 Bc6 33. Bg5 Bxg5 34. Qxg5 Qf6 35. Qxf6 gxf6 36. Nd3 h3 37. Nxc5 hxg2+ 38. Kf2 Ra5 39. Rxd4 Rxc5 40. Kxg2 a5 41. a3 Re5 42. Kf2 1-0